00330nam a2200121Ia 4500008004100000020001500041050001500056100002500071245004200096260003300138300002400171650001300195150202s9999 xx 000 0 und d a1551661362 aFIC bFIC  aLanigan, Catherine.  aDangerous love /cCatherine Lanigan. aCanada :bMira Books,c1996. a411 pages :c18 cm. aFiction.